[Event "Pardubice Czech op-A 29th"]
[Site "Pardubice"]
[Date "2018.07.27"]
[Round "8"]
[White "Belyakov, Bogdan"]
[Black "Schroeder, Kevin"]
[Result "1/2-1/2"]
[WhiteElo "2489"]
[BlackElo "2329"]
[PlyCount "146"]
[EventDate "2018.07.20"]
[EventType "swiss"]
[EventRounds "9"]
[EventCountry "CZE"]
[SourceTitle "CBM 185 Extra"]
[Source "ChessBase"]
[SourceDate "2018.07.29"]
[SourceVersion "1"]
[SourceVersionDate "2018.07.29"]
[SourceQuality "1"]

1. d4 c6 2. Nc3 g6 3. h4 h5 4. Nh3 Bg7 5. e4 d5 6. e5 Bxh3 7. Rxh3 Nh6 8. Bxh6 Rxh6 9. Ne2 e6 10. Rb3 Qc7 11. Nf4 Nd7 12. Nh3 Rh8 13. f4 Qa5+ 14. Kf2 0-0-0 15. Ng5 Rhf8 16. g3 Kb8 17. Kg2 Rc8 18. a3 c5 19. Bb5 Nb6 20. dxc5 Rxc5 21. Bd3 Qa4 22. Qe2 Qd7 23. Rb5 Rfc8 24. Rxc5 Rxc5 25. Rd1 Qe8 26. Rh1 Nc4 27. Bxc4 Rxc4 28. c3 Bf8 29. Rd1 Be7 30. Nf3 Rc8 31. Rd4 Bc5 32. Rd2 Be7 33. Qd1 Rc4 34. Qb3 Qa4 35. Qxa4 Rxa4 36. Kf2 Kc8 37. Ke3 Kd7 38. Kd3 Rc4 39. Nd4 Rc8 40. a4 Bc5 41. Nf3 a6 42. b3 Ke7 43. Rc2 Ba7 44. Ng5 Rd8 45. Rb2 Rc8 46. Nf3 Bc5 47. a5 Ba7 48. Re2 Rc5 49. b4 Rc8 50. Nd2 Rd8 51. Rg2 Rd7 52. Nb1 Rc7 53. Na3 f6 54. g4 hxg4 55. Rxg4 Kf7 56. c4 Rc8 57. cxd5 exd5 58. exf6 Kxf6 59. Rg5 Rh8 60. Rxd5 Rxh4 61. Nc4 Rxf4 62. Rd7 Rf3+ 63. Kc2 g5 64. Nd2 Ke6 65. Nxf3 Kxd7 66. Nxg5 b6 67. axb6 Bxb6 68. Kb3 Kc6 69. Kc4 Bf2 70. Nf3 Kb6 71. Ne5 Be1 72. Nd7+ Kc7 73. Nc5 Bxb4 1/2-1/2

[Event "Warsaw Najdorf Memorial op-A 15th"]
[Site "Warsaw"]
[Date "2017.07.15"]
[Round "7"]
[White "Kowalczyk, Rafal"]
[Black "Schroeder, Kevin"]
[Result "0-1"]
[WhiteElo "2240"]
[BlackElo "2321"]
[PlyCount "98"]
[EventDate "2017.07.09"]
[EventType "swiss"]
[EventRounds "9"]
[EventCountry "POL"]
[SourceTitle "CBM 179 Extra"]
[Source "ChessBase"]
[SourceDate "2017.08.23"]
[SourceVersion "1"]
[SourceVersionDate "2017.08.23"]
[SourceQuality "1"]

1. e4 c6 2. Ne2 g6 3. d4 Bg7 4. g3 d5 5. Nbc3 dxe4 6. Nxe4 Bg4 7. Bg2 Nf6 8. Nxf6+ Bxf6 9. c3 e5 10. h3 Bf5 11. Be3 Nd7 12. d5 cxd5 13. Bxd5 Qe7 14. Bxb7 Rb8 15. Qd5 0-0 16. b3 Rfd8 17. Bc6 Rbc8 18. Qg2 e4 19. Bxd7 Qxd7 20. g4 Rxc3 21. 0-0 Rxe3 22. fxe3 Bxa1 23. Rxa1 Be6 24. Qxe4 Qd2 25. Nf4 Bc8 26. Rf1 Qd7 27. Qe5 Bb7 28. Rf2 Qc6 29. e4 Re8 30. Qa1 Qxe4 31. Kh2 Rc8 32. Qd1 Qe3 33. Qd2 Qb6 34. Re2 Qc6 35. Re1 Qf3 36. Re2 Qh1+ 37. Kg3 Qg1+ 38. Kh4 Qa1 39. Qb2 Qxb2 40. Rxb2 Rc3 41. g5 Bc8 42. Rh2 h6 43. gxh6 Kh7 44. Nd5 Rf3 45. Ne7 Be6 46. Rg2 Kxh6 47. Ng8+ Kh7 48. Ne7 f6 49. Rh2 Kh6 0-1

[Event "Warsaw Najdorf Memorial op-A 15th"]
[Site "Warsaw"]
[Date "2017.07.13"]
[Round "5"]
[White "Schroeder, Kevin"]
[Black "Karwowski, Kacper"]
[Result "0-1"]
[WhiteElo "2321"]
[BlackElo "2221"]
[PlyCount "134"]
[EventDate "2017.07.09"]
[EventType "swiss"]
[EventRounds "9"]
[EventCountry "POL"]
[SourceTitle "CBM 179 Extra"]
[Source "ChessBase"]
[SourceDate "2017.08.23"]
[SourceVersion "1"]
[SourceVersionDate "2017.08.23"]
[SourceQuality "1"]

1. Nf3 Nf6 2. c4 b6 3. g3 Bb7 4. Bg2 e6 5. 0-0 Be7 6. b3 0-0 7. Bb2 c5 8. d4 cxd4 9. Qxd4 Nc6 10. Qf4 d5 11. Rd1 Qb8 12. Qxb8 Raxb8 13. cxd5 Nxd5 14. Nc3 Ncb4 15. Ne5 Nxc3 16. Bxc3 Bxg2 17. Kxg2 Nd5 18. Bb2 Rbc8 19. Rac1 Bf6 20. a3 b5 21. e4 Nb6 22. Ba1 Rxc1 23. Rxc1 Bxe5 24. Bxe5 Rc8 25. Ra1 f6 26. Bd4 e5 27. Be3 Rc3 28. a4 Rxb3 29. a5 Nc4 30. Bxa7 b4 31. Bc5 Ra3 32. Rc1 Nxa5 33. Bxb4 Ra4 34. Rc8+ Kf7 35. Rc7+ Kg8 36. Bc3 Nc4 37. Rc6 Na3 38. f4 exf4 39. e5 Rc4 40. Rxc4 Nxc4 41. exf6 fxg3 42. Kxg3 g6 43. Kf4 h6 44. h4 Kf7 45. Bd4 Ke6 46. Kg4 Nd6 47. h5 g5 48. Bb6 Ne4 49. Bd8 Nxf6+ 50. Kf3 Nxh5 51. Ba5 Kf5 52. Bb4 Nf4 53. Bd6 h5 54. Bc5 Ng6 55. Be3 g4+ 56. Kg3 h4+ 57. Kh2 Ke4 58. Bg5 Kf3 59. Bd8 Ke4 60. Bf6 Kf5 61. Bd8 Ne5 62. Kg2 Nf3 63. Be7 Ng5 64. Bd8 g3 65. Kf1 Kg4 66. Bc7 h3 67. Bd6 g2+ 0-1

[Event "Warsaw Najdorf Memorial op-A 15th"]
[Site "Warsaw"]
[Date "2017.07.09"]
[Round "1"]
[White "Schroeder, Kevin"]
[Black "Sengupta, Deep"]
[Result "1/2-1/2"]
[WhiteElo "2321"]
[BlackElo "2596"]
[PlyCount "121"]
[EventDate "2017.07.09"]
[EventType "swiss"]
[EventRounds "9"]
[EventCountry "POL"]
[SourceTitle "CBM 179 Extra"]
[Source "ChessBase"]
[SourceDate "2017.08.23"]
[SourceVersion "1"]
[SourceVersionDate "2017.08.23"]
[SourceQuality "1"]

1. e4 e5 2. Nf3 Nc6 3. Bb5 a6 4. Bxc6 dxc6 5. 0-0 f6 6. d4 exd4 7. Nxd4 c5 8. Ne2 Qxd1 9. Rxd1 Bd7 10. Bf4 0-0-0 11. Nbc3 Ne7 12. Rd2 Bc6 13. Rxd8+ Kxd8 14. Rd1+ Kc8 15. Be3 Ng6 16. Nd5 Bd6 17. Ng3 Re8 18. f3 Ne5 19. Nf5 Bf8 20. Bf4 b6 21. h4 a5 22. h5 a4 23. h6 Bxd5 24. hxg7 Bxa2 25. gxf8Q Rxf8 26. Ra1 Be6 27. Rxa4 Kb7 28. Ra1 Nc4 29. b3 Na5 30. Kf2 Rf7 31. Bd2 Nc6 32. Bc3 Bxf5 33. exf5 Nd4 34. Bxd4 cxd4 35. g4 Rd7 36. Rh1 Kc6 37. Rh6 Rf7 38. g5 Kd5 39. g6 hxg6 40. fxg6 Rg7 41. Rh7 Rxg6 42. Rxc7 f5 43. Rf7 Ke5 44. Rc7 Re6 45. c3 dxc3 46. Rxc3 Rd6 47. Rc4 Rd4 48. Rc3 Kf4 49. Ke2 Kg3 50. Ke3 Rd6 51. b4 f4+ 52. Ke4 Re6+ 53. Kd5 Re3 54. Rc6 b5 55. Rb6 Kxf3 56. Rxb5 Ke2 57. Ra5 f3 58. Ra2+ Kf1 59. b5 f2 60. b6 Kg1 61. Rxf2 1/2-1/2

[Event "GER-ch U18"]
[Site "Willingen"]
[Date "2017.06.05"]
[Round "3"]
[White "Schroeder, Kevin"]
[Black "Vuckovic, Zarko"]
[Result "1-0"]
[WhiteElo "2349"]
[BlackElo "2063"]
[PlyCount "116"]
[EventDate "2017.06.04"]
[EventType "swiss"]
[EventRounds "9"]
[EventCountry "GER"]
[SourceTitle "CBM 178 Extra"]
[Source "ChessBase"]
[SourceDate "2017.06.22"]
[SourceVersion "1"]
[SourceVersionDate "2017.06.22"]
[SourceQuality "1"]

1. d4 e6 2. c4 d5 3. Nc3 Be7 4. Nf3 Nf6 5. Bf4 0-0 6. e3 b6 7. cxd5 exd5 8. Bd3 Bb7 9. Qc2 c5 10. Rd1 Nc6 11. a3 c4 12. Be2 a6 13. 0-0 b5 14. Ne5 Na7 15. Bf3 a5 16. e4 dxe4 17. Nxe4 Nxe4 18. Bxe4 Bxe4 19. Qxe4 Re8 20. Rfe1 Bf8 21. Qb7 Re7 22. Qf3 f6 23. Nc6 Nxc6 24. Qxc6 Rc8 25. Qxb5 Qxd4 26. Be3 Re5 27. Bxd4 Rxb5 28. g3 c3 29. Bxc3 Bxa3 30. bxa3 Rxc3 31. Rd8+ Kf7 32. Rd7+ Kg6 33. Ree7 h5 34. Rxg7+ Kf5 35. Rh7 Ke4 36. Kg2 Rxa3 37. Rd6 Rf5 38. Re7+ Re5 39. Rf7 f5 40. Rfd7 Ra4 41. f3+ Ke3 42. Rd3+ Ke2 43. Rd2+ Ke1 44. Rd1+ Ke2 45. Rf1 h4 46. Rdd1 h3+ 47. Kxh3 Rd5 48. Rxd5 Kxf1 49. Rxf5 Ra2 50. Rb5 a4 51. f4 a3 52. Rb1+ Ke2 53. f5 Ke3 54. f6 Rf2 55. Rb3+ Ke4 56. Rxa3 Rxf6 57. Kg2 Rb6 58. Rf3 Kd5 1-0

[Event "BL2-West 1617"]
[Site "Germany"]
[Date "2017.03.19"]
[Round "7.3"]
[White "Schroeder, Kevin"]
[Black "Geirnaert, Steven"]
[Result "1/2-1/2"]
[WhiteElo "2341"]
[BlackElo "2445"]
[PlyCount "91"]
[EventDate "2016.10.16"]
[EventType "team-tourn"]
[EventRounds "9"]
[EventCountry "GER"]
[SourceTitle "EXT 2018"]
[Source "ChessBase"]
[SourceDate "2017.10.13"]
[SourceVersion "1"]
[SourceVersionDate "2017.10.13"]
[SourceQuality "1"]
[WhiteTeam "Solingen II"]
[BlackTeam "Wuerselen"]
[WhiteTeamCountry "GER"]
[BlackTeamCountry "GER"]

1. d4 Nf6 2. Bg5 c5 3. d5 Ne4 4. Bf4 e6 5. Nd2 Qf6 6. Nxe4 Qxf4 7. Nc3 a6 8. g3 Qc7 9. a4 b6 10. Bg2 Bb7 11. Nf3 Be7 12. Qd3 0-0 13. h4 c4 14. Qd2 Bb4 15. Nd4 Bxd5 16. Bxd5 exd5 17. 0-0 Nc6 18. Nf3 Bc5 19. e3 d4 20. exd4 Bd6 21. Nd5 Qb7 22. Ne3 Ne7 23. Nxc4 Qxf3 24. Nxd6 Qd5 25. Ne4 Nc6 26. Nc3 Qxd4 27. Rfd1 Qxd2 28. Rxd2 Ne5 29. Rd5 Rfe8 30. Kg2 Kf8 31. Re1 Nc4 32. Rxe8+ Kxe8 33. b3 Na3 34. Rh5 f6 35. Nd5 Rb8 36. Nc7+ Kf7 37. Rd5 Rb7 38. Rxd7+ Kg6 39. c4 a5 40. Ne6 Rxd7 41. Nf8+ Kf5 42. Nxd7 Nc2 43. c5 bxc5 44. Nxc5 Nd4 45. f3 Ke5 46. b4 1/2-1/2

[Event "Korbach op 8th"]
[Site "Korbach"]
[Date "2016.10.23"]
[Round "7"]
[White "Kersten, Uwe"]
[Black "Schroeder, Kevin"]
[Result "1/2-1/2"]
[WhiteElo "2286"]
[BlackElo "2266"]
[PlyCount "143"]
[EventDate "2016.10.20"]
[EventType "swiss"]
[EventRounds "7"]
[EventCountry "GER"]
[SourceTitle "CBM 175 Extra"]
[Source "ChessBase"]
[SourceDate "2016.12.12"]
[SourceVersion "1"]
[SourceVersionDate "2016.12.12"]
[SourceQuality "1"]

1. d4 Nf6 2. Nf3 e6 3. e3 b6 4. Bd3 Bb7 5. 0-0 Be7 6. Nbd2 0-0 7. e4 d5 8. e5 Nfd7 9. Re1 Ba6 10. Nf1 c5 11. c3 Bxd3 12. Qxd3 Nc6 13. a3 c4 14. Qe2 b5 15. Ng3 a5 16. Nh5 g6 17. Ng3 b4 18. axb4 axb4 19. Rxa8 Qxa8 20. Bg5 Qa2 21. Bxe7 Nxe7 22. cxb4 Qb3 23. Qd2 Rb8 24. h4 Qxb4 25. Qg5 Nc6 26. Re2 c3 27. bxc3 Qxc3 28. Rd2 Na5 29. Nh5 Nb3 30. Rd1 Qc2 31. Re1 h6 32. Nf6+ Nxf6 33. Qxf6 Nd2 34. Nxd2 Qxd2 35. Re3 Qxd4 36. Rf3 Rb1+ 37. Kh2 Rb7 38. h5 g5 39. Qxh6 Qxe5+ 40. Rg3 g4 41. f4 Qf5 42. Re3 Rb4 43. Kg3 Qh7 44. Qg5+ Qg7 45. Qd8+ Kh7 46. Re5 Re4 47. h6 Qh8 48. Qc7 Rxe5 49. fxe5 Kxh6 50. Qc1+ Kg6 51. Qf4 Qh5 52. Qf6+ Kh7 53. Qf4 Qf5 54. Qe3 Kg6 55. Kh4 Qh5+ 56. Kg3 Qg5 57. Qd3+ Kh6 58. Qd4 Kh5 59. Kf2 Qf5+ 60. Kg3 Qe4 61. Qa1 Qe3+ 62. Kh2 d4 63. Qa5 Qf4+ 64. Kh1 g3 65. Qe1 d3 66. Qd1+ Kg5 67. Qe1 d2 68. Qd1 Qd4 69. Qh5+ Kf4 70. Qf3+ Kxe5 71. Qf5+ Kd6 72. Qc5+ 1/2-1/2

[Event "GER-chT Lands U20"]
[Site "Hannover"]
[Date "2016.10.02"]
[Round "2.1"]
[White "Schroeder, Kevin"]
[Black "Baskin, Robert"]
[Result "1/2-1/2"]
[WhiteElo "2239"]
[BlackElo "2386"]
[PlyCount "40"]
[EventDate "2016.10.01"]
[EventType "team-swiss"]
[EventRounds "7"]
[EventCountry "GER"]
[SourceTitle "CBM 174 Extra"]
[Source "ChessBase"]
[SourceDate "2016.10.10"]
[SourceVersion "1"]
[SourceVersionDate "2016.10.10"]
[SourceQuality "1"]
[WhiteTeam "Nordrhein Westfalen"]
[BlackTeam "Hessen"]
[WhiteTeamCountry "GER"]
[BlackTeamCountry "GER"]

1. Nf3 Nf6 2. g3 g6 3. Bg2 Bg7 4. d4 d5 5. 0-0 0-0 6. c4 c6 7. b3 dxc4 8. bxc4 c5 9. Nc3 Ne8 10. Be3 Nd6 11. Qc1 Nxc4 12. Bh6 cxd4 13. Bxg7 Kxg7 14. Nb5 a6 15. Nbxd4 Nd6 16. Qc3 Kg8 17. Rac1 Bd7 18. Ne5 Nc6 19. Ndxc6 Bxc6 20. Nxc6 bxc6 1/2-1/2

[Event "EU-ch U16 26th"]
[Site "Prague"]
[Date "2016.08.27"]
[Round "9"]
[White "Radovanovic, Mihajlo"]
[Black "Schroeder, Kevin"]
[Result "1-0"]
[WhiteElo "2374"]
[BlackElo "2286"]
[PlyCount "59"]
[EventDate "2016.08.18"]
[EventType "swiss"]
[EventRounds "9"]
[EventCountry "CZE"]
[SourceTitle "CBM 174 Extra"]
[Source "ChessBase"]
[SourceDate "2016.10.10"]
[SourceVersion "1"]
[SourceVersionDate "2016.10.10"]
[SourceQuality "1"]

1. Nf3 Nf6 2. c4 c5 3. g3 g6 4. Bg2 Bg7 5. 0-0 0-0 6. d4 d6 7. dxc5 dxc5 8. Ne5 Qb6 9. Nc3 Rd8 10. Qb3 Nbd7 11. Nd3 Nf8 12. Na4 Qxb3 13. axb3 Bg4 14. Ndxc5 b5 15. Bxa8 Rxa8 16. Nc3 b4 17. Nb5 Rc8 18. Be3 Bxe2 19. Rfe1 Bf3 20. Nxa7 Rd8 21. h3 N6d7 22. Nxd7 Nxd7 23. c5 Ne5 24. Bf4 Nc6 25. Nxc6 Bxc6 26. Ra6 Bf3 27. c6 Rc8 28. c7 e5 29. Rb6 Rxc7 30. Rb8+ 1-0

[Event "EU-ch U16 26th"]
[Site "Prague"]
[Date "2016.08.24"]
[Round "6"]
[White "Schroeder, Kevin"]
[Black "Haring, Viktor"]
[Result "1-0"]
[WhiteElo "2286"]
[BlackElo "2105"]
[PlyCount "49"]
[EventDate "2016.08.18"]
[EventType "swiss"]
[EventRounds "9"]
[EventCountry "CZE"]
[SourceTitle "CBM 174 Extra"]
[Source "ChessBase"]
[SourceDate "2016.10.10"]
[SourceVersion "1"]
[SourceVersionDate "2016.10.10"]
[SourceQuality "1"]

1. d4 d5 2. Nf3 Nf6 3. c4 c6 4. cxd5 cxd5 5. Nc3 Nc6 6. Bf4 Bf5 7. e3 a6 8. Ne5 Qb6 9. Qb3 Qxb3 10. axb3 Nb4 11. Ra4 e6 12. Bb5+ Ke7 13. Rxb4 axb5 14. 0-0 Ne8 15. Rxb5 Nd6 16. Rb6 Ra6 17. Rxa6 bxa6 18. Ra1 f6 19. Nc6+ Kd7 20. Nb8+ Kc8 21. Nxa6 g5 22. Bg3 h5 23. Nc5 h4 24. Ra8+ Kc7 25. Nb5+ 1-0

[Event "EU-ch U16 26th"]
[Site "Prague"]
[Date "2016.08.22"]
[Round "5"]
[White "Macovei, Andrei"]
[Black "Schroeder, Kevin"]
[Result "1-0"]
[WhiteElo "2382"]
[BlackElo "2286"]
[PlyCount "113"]
[EventDate "2016.08.18"]
[EventType "swiss"]
[EventRounds "9"]
[EventCountry "CZE"]
[SourceTitle "CBM 174 Extra"]
[Source "ChessBase"]
[SourceDate "2016.10.10"]
[SourceVersion "1"]
[SourceVersionDate "2016.10.10"]
[SourceQuality "1"]

1. e4 e5 2. Nf3 Nc6 3. Bb5 Nf6 4. d3 d6 5. d4 Bd7 6. 0-0 a6 7. Bxc6 Bxc6 8. d5 Bd7 9. Re1 g6 10. c4 Bg7 11. Nc3 0-0 12. Bd2 Nh5 13. Rc1 h6 14. Be3 Nf4 15. Bxf4 exf4 16. Qd2 g5 17. e5 Re8 18. exd6 cxd6 19. Rxe8+ Qxe8 20. Re1 Qd8 21. Ne4 Bf5 22. Qb4 Bxe4 23. Rxe4 Qd7 24. h3 b5 25. b3 Rc8 26. Qa3 bxc4 27. Rxc4 Ra8 28. Rc6 Qf5 29. Qxd6 Bf8 30. Qe5 Qxe5 31. Nxe5 Rd8 32. Ng4 Kg7 33. Nxh6 Rxd5 34. Rxa6 Rd1+ 35. Kh2 Bc5 36. h4 Bxf2 37. Nf5+ Kh7 38. hxg5 Bc5 39. Kh3 Rd2 40. Kg4 Rxg2+ 41. Kxf4 Bb4 42. Ra7 Bd2+ 43. Ke5 Bc3+ 44. Ke4 Rg4+ 45. Kd3 Bb4 46. Ne3 Rg3 47. Rxf7+ Kg6 48. Rc7 Rxg5 49. Rc4 Ba3 50. Rg4 Rxg4 51. Nxg4 Kf5 52. Ne3+ Ke6 53. Kc4 Kd6 54. b4 Kc6 55. Nd5 Kb7 56. Kb3 Bc1 57. a4 1-0

[Event "World ol U16"]
[Site "Poprad"]
[Date "2016.07.28"]
[Round "8.2"]
[White "Yurovskich, Oleksandr"]
[Black "Schroeder, Kevin"]
[Result "1/2-1/2"]
[WhiteElo "2167"]
[BlackElo "2350"]
[PlyCount "128"]
[EventDate "2016.07.22"]
[EventType "team-swiss"]
[EventRounds "9"]
[EventCountry "SVK"]
[SourceTitle "EXT 2017"]
[Source "ChessBase"]
[SourceDate "2016.10.25"]
[SourceVersion "1"]
[SourceVersionDate "2016.10.25"]
[SourceQuality "1"]
[WhiteTeam "Ukraine"]
[BlackTeam "Germany"]
[WhiteTeamCountry "UKR"]
[BlackTeamCountry "GER"]

1. d4 d5 2. Bf4 Nf6 3. e3 g6 4. Nf3 Bg7 5. Be2 0-0 6. 0-0 Nbd7 7. h3 a6 8. Nbd2 b5 9. a4 b4 10. a5 Bb7 11. c3 bxc3 12. bxc3 Ne4 13. Nxe4 dxe4 14. Ne5 Nxe5 15. Bxe5 Bxe5 16. dxe5 e6 17. Qd4 Qd5 18. c4 Qxd4 19. exd4 Rfd8 20. Rfd1 Rd7 21. Rab1 Bc6 22. Rb4 Kg7 23. Kf1 h5 24. h4 Rdd8 25. c5 Kh6 26. Ke1 g5 27. hxg5+ Kxg5 28. g3 Rh8 29. Kd2 Bd5 30. Ke3 Rab8 31. Rdb1 Rxb4 32. Rxb4 h4 33. gxh4+ Rxh4 34. Rb8 Rh3+ 35. f3 Kg6 36. Rg8+ Kh7 37. Rc8 c6 38. Ra8 exf3 39. Bxa6 Kg7 40. Bf1 Rh1 41. Kf2 Rh2+ 42. Ke3 Ra2 43. a6 Ra1 44. Rb8 Rxf1 45. a7 Re1+ 46. Kd2 Re2+ 47. Kd1 Bb3+ 48. Rxb3 Ra2 49. Rxf3 Rxa7 50. Kc2 Ra2+ 51. Kb3 Rg2 52. Kb4 Rb2+ 53. Kc3 Ra2 54. Rf1 Kf8 55. Rb1 Ra3+ 56. Kc4 Ra4+ 57. Rb4 Ra7 58. Rb6 Rc7 59. Kb4 Ke7 60. Ka5 Kd7 61. Ka6 Kc8 62. Ka5 Ra7+ 63. Ra6 Kb7 64. Rxa7+ Kxa7 1/2-1/2

[Event "Warsaw Najdorf Memorial op-A 14th"]
[Site "Warsaw"]
[Date "2016.07.14"]
[Round "7"]
[White "Dzierzak, Radoslaw"]
[Black "Schroeder, Kevin"]
[Result "1-0"]
[WhiteElo "2204"]
[BlackElo "2350"]
[PlyCount "89"]
[EventDate "2016.07.08"]
[EventType "swiss"]
[EventRounds "9"]
[EventCountry "POL"]
[SourceTitle "CBM 173 Extra"]
[Source "ChessBase"]
[SourceDate "2016.08.29"]
[SourceVersion "1"]
[SourceVersionDate "2016.08.29"]
[SourceQuality "1"]

1. e4 c5 2. Nf3 d6 3. d4 cxd4 4. Nxd4 Nf6 5. Nc3 a6 6. g3 g6 7. Bg2 Bg7 8. 0-0 0-0 9. h3 Qb6 10. Nb3 Nc6 11. Be3 Qc7 12. f4 b5 13. e5 dxe5 14. fxe5 Nxe5 15. Bxa8 Bxh3 16. Bg2 Bxg2 17. Kxg2 b4 18. Nd5 Qc6 19. Rxf6 exf6 20. Kg1 Kh8 21. Nxb4 Qe4 22. Bc5 Bh6 23. Qf1 f5 24. Qg2 Nf3+ 25. Kf2 Ng5 26. Bxf8 Bxf8 27. Nd3 Qg4 28. Re1 Ne4+ 29. Kg1 Nxg3 30. Ne5 Qh4 31. Qh2 Qf4 32. Kg2 Nh5 33. Qxf4 Nxf4+ 34. Kf3 Nh3 35. Nxf7+ Kg7 36. Kg3 Kxf7 37. Kxh3 g5 38. Nd4 f4 39. Kg4 Bg7 40. Nf5 Bf6 41. Kh5 Bd8 42. Nd6+ Kf6 43. Ne4+ Kf5 44. Nf2 f3 45. Re8 1-0